Police ethics : (Record no. 2508)

MARC details
000 -LEADER
fixed length control field 03274cam a2200361 a 4500
001 - CONTROL NUMBER
control field 16418651
003 - CONTROL NUMBER IDENTIFIER
control field 20160307142813.0
005 - DATE AND TIME OF LATEST TRANSACTION
control field 20240606080856.0
008 - FIXED-LENGTH DATA ELEMENTS--GENERAL INFORMATION
fixed length control field 100816s2011 ilu b 001 0 eng
010 ## - LIBRARY OF CONGRESS CONTROL NUMBER
LC control number 2010033630
020 ## - INTERNATIONAL STANDARD BOOK NUMBER
International Standard Book Number 9780398086152
020 ## - INTERNATIONAL STANDARD BOOK NUMBER
International Standard Book Number 039808615X
020 ## - INTERNATIONAL STANDARD BOOK NUMBER
International Standard Book Number 9780398086169 (pbk.)
020 ## - INTERNATIONAL STANDARD BOOK NUMBER
International Standard Book Number 0398086168 (pbk.)
035 ## - SYSTEM CONTROL NUMBER
System control number (OCoLC)ocn656556552
040 ## - CATALOGING SOURCE
Original cataloging agency DLC
Transcribing agency DLC
Modifying agency YDX
-- YDXCP
-- BWX
-- CGU
-- DLC
043 ## - GEOGRAPHIC AREA CODE
Geographic area code n-us---
050 00 - LIBRARY OF CONGRESS CALL NUMBER
Classification number HV7924
Item number .B37 2011
082 00 - DEWEY DECIMAL CLASSIFICATION NUMBER
Classification number 174/.93632
Edition information 22
100 1# - MAIN ENTRY--PERSONAL NAME
Personal name Barker, Thomas.
245 10 - TITLE STATEMENT
Title Police ethics :
Remainder of title crisis in law enforcement /
250 ## - EDITION STATEMENT
Edition statement 3rd ed.
260 ## - PUBLICATION, DISTRIBUTION, ETC.
Place of publication, distribution, etc. Springfield, Ill. :
Name of publisher, distributor, etc. Chares C. Thomas,
Date of publication, distribution, etc. c2011.
300 ## - PHYSICAL DESCRIPTION
Extent vii, 166 p. ;
Dimensions 27 cm.
504 ## - BIBLIOGRAPHY, ETC. NOTE
Bibliography, etc. note Includes bibliographical references (p. 147-156) and index.
505 0# - FORMATTED CONTENTS NOTE
Formatted contents note Policing--a morally dangerous occupation -- Professional/occupational ethics -- Law enforcement code of ethics--paragraph 1 -- Law enforcement code of ethics--paragraph 2 -- Law enforcement code of ethics--paragraph 3 -- Law enforcement code of ethics--paragraph 4 and 5 -- Major law enforcement ethical violations -- Policing corruption -- Corrupt practices and corruption control -- Abuse of authority -- Controlling police unethical behavior.
520 ## - SUMMARY, ETC.
Summary, etc. "This third edition has been comprehensively revised, expanding the information in the previous edition on the long-standing challenge of implementing effective, responsible, and acceptable practices in ethical police work. The author's unique perspective provides insights not found elsewhere and presents them in an informative, fact-filled, and encouraging way. The text is based on the premise that ethical crisis has always existed in law enforcement and stresses that policing is and always has been a 'morally dangerous occupation.' The moral dangers of policing are discussed in detail and emphasize how crucial ethical standards are for police officers. Four critical and primary questions addressed in the text are: Is law enforcement a profession? Can law enforcement officers be professional? What forms of behavior are the major law enforcement ethical violations? Can police ethical violations be controlled? Several chapters also thoroughly review the Law Enforcement Code of Ethics and include very up-to-date examples of notable violations by individual officers and police departments. Additional topics include major police corruption issues, including corrupt practices and corruption control; abuse of authority; and getting effective control of unethical behavior. The goal of this timely new edition is to provide officers, law enforcement managers, and city administrators with only the most current information, tools, and skills in identifying and dealing with unethical police behavior. It is valuable to both new and seasoned officers in a significant effort to make policing a true profession that is real and not rhetoric"--Provided by publisher.
650 #0 - SUBJECT ADDED ENTRY--TOPICAL TERM
Topical term or geographic name entry element Police ethics
Geographic subdivision United States.
650 #0 - SUBJECT ADDED ENTRY--TOPICAL TERM
Topical term or geographic name entry element Law enforcement
Geographic subdivision United States.
906 ## - LOCAL DATA ELEMENT F, LDF (RLIN)
a 7
b cbc
c orignew
d 1
e ecip
f 20
g y-gencatlg
942 ## - ADDED ENTRY ELEMENTS (KOHA)
Source of classification or shelving scheme Library of Congress Classification
Koha item type Books
Holdings
Withdrawn status Lost status Source of classification or shelving scheme Damaged status Not for loan Home library Current library Date acquired Total checkouts Full call number Barcode Date last seen Date last checked out Price effective from Koha item type
    Library of Congress Classification     Murang'a University of Technology Library Murang'a University of Technology Library 07/03/2016 1 HV7924 .B37 2011 002634 30/08/2024 25/03/2017 07/03/2016 Books